| 000 | 00517nam a2200157 4500 | ||
|---|---|---|---|
| 001 | 126480 | ||
| 003 | ES-MaACL | ||
| 005 | 20230906192828.0 | ||
| 007 | t| | ||
| 008 | 070214s1952 sp r ||||1| spa d | ||
| 245 | 0 | 0 |
_aRecuerdo póstumo del ingeniero de caminos, canales y puertos Excmo. Señor D. Joaquín Cajal Lasala : _bsu vida y su obra. |
| 260 |
_aMadrid : _b[s.n.], _c1952 ( _fGráf. Cinema) |
||
| 300 |
_a154 p., 3 lám. ; _c22 cm. |
||
| 700 | 1 |
_aCajal Lasala, Joaquín. _933497 |
|
| 852 |
_aES-MaACL _jC-9520 |
||
| 999 |
_c126480 _d126480 |
||